Từ điển truyện Kiều

Saved in:
Bibliographic Details
Main Author: Đào Duy Anh
Format: Book
Language:Undetermined
Published: Hà Nội VHTT 2000
Subjects:
Tags: Add Tag
No Tags, Be the first to tag this record!
Institutions: Trung tâm Học liệu Trường Đại học Cần Thơ
LEADER 00546nam a2200193Ia 4500
001 CTU_37848
008 210402s9999 xx 000 0 und d
020 |b 79.000đ 
082 |a 895.922103 
082 |b A107 
100 |a Đào Duy Anh 
245 0 |a Từ điển truyện Kiều 
245 0 |c Đào Duy Anh 
260 |a Hà Nội 
260 |b VHTT 
260 |c 2000 
650 |a kieu story - terminology,vietnamese poetry - 19th century 
904 |i Minh, 001002 
980 |a Trung tâm Học liệu Trường Đại học Cần Thơ